000
002190000a22000970004500
100
1
_a
Lara, Patricia
245
1
0
_a
Carnaval y muerte
300
_a
Vol. 90, Núm 90 (1995), Páginas 26
773
0
_t
Cambio 16
942
_c
ANA
999
_c
58604
_d
58604